Govt. of
Madhya Pradesh

Normal view MARC view

Entry Personal Name

Number of records used in: 1

001 - CONTROL NUMBER

  • control field: 81666

003 - CONTROL NUMBER IDENTIFIER

  • control field: OSt

005 - DATE AND TIME OF LATEST TRANSACTION

  • control field: 20230129114451.0

008 - FIXED-LENGTH DATA ELEMENTS

  • fixed length control field: 230129|| aca||aabn | a|a d

040 ## - CATALOGING SOURCE

  • Original cataloging agency: OSt
  • Transcribing agency: OSt

100 ## - HEADING--PERSONAL NAME

  • Personal name: Sahu,Praveen

670 ## - SOURCE DATA FOUND

  • Source citation: Work cat.: (OSt)65820: Sahu,Praveen , वस्‍तुनिष्‍ठ मध्‍यप्रदेश परीक्षाधााम राज्‍य सेवा एवं सभी प्रतियोगी परीक्षाओं हेतु , 2023